Distribución, Importancia económica y domesticación de la palma chonta (<Bactris gasipaes>) (Registro nro. 11323)

Detalles MARC
000 -CABECERA
Campo de control 006090000a22001810004500
090 ## - CLASIFICACIÓN LOCAL
Colección AR
Consecutivo 02251
041 0# - IDIOMA
Código de idioma para texto/pista de sonido o título separado
100 1# - ASIENTO PRINCIPAL--NOMBRE PERSONAL
Nombre personal Yangüez Bernal, Juan A.
245 10 - MENCION DE TITULO
Título Distribución, Importancia económica y domesticación de la palma chonta (<Bactris gasipaes>)
650 14 - ASIENTO SECUNDARIO DE MATERIA - TERMINO TEMATICO
Término temático o nombre geográfico como elemento de entrada Botánica
650 14 - ASIENTO SECUNDARIO DE MATERIA - TERMINO TEMATICO
Término temático o nombre geográfico como elemento de entrada Palmas
650 14 - ASIENTO SECUNDARIO DE MATERIA - TERMINO TEMATICO
Término temático o nombre geográfico como elemento de entrada Actividades extractivas
650 14 - ASIENTO SECUNDARIO DE MATERIA - TERMINO TEMATICO
Término temático o nombre geográfico como elemento de entrada Distribución geográfica
650 14 - ASIENTO SECUNDARIO DE MATERIA - TERMINO TEMATICO
Término temático o nombre geográfico como elemento de entrada Biología
653 ## - TERMINO DE INDIZACION - NO CONTROLADO
-- Bactris
-- Bactris gassipaes
-- Palma chonta
773 1# - Item fuente:
Título Revista Colombiana de Antropología
Especificación de materiales 373
Paginas del Articulo 397-422
Lugar, editorial y fecha de publicación 1975
Información sobre la relación 19
942 ## - ELEMENTOS ADICIONALES (KOHA)
Tipo de ítem Artículo
Existencias
Withdrawn status Lost status Sistema de Clasificación Damaged status No para préstamo Colección Ubicación Permanente Ubicación actual Fecha de adquisición Fuente de Valor Datos de publicación Seriada Total Checkouts Número topográfico Inventario / Código de Barras Date last seen Ejemplar Price effective from Tipo de material
    Dewey Decimal Classification   No para Préstamo Hemeroteca Villa de Leyva Villa de Leyva 27/02/2015 Academia Colombiana de Ciencias Exactas, Físicas y Naturales Fuera de circulación   AR 02251 012638 25/03/2015 1 25/03/2015 Artículo